000 01840nam a22005177a 4500
003 AR-RoUNA
005 20260527114411.0
008 260527b |||||||| |||| 00| 0 spa d
020 _a0847814866
040 _aAR-RoUNA
_bspa
_dAR-RoUNA
041 _aeng
_heng
044 _aag
245 1 0 _aKohn Pedersen Fox : architecture and urbanism, 1986 - 1992 /
_ceditado por Warren A. James
250 _a1a. ed.
260 _aNew York, NY, Estados Unidos :
_bRizzoli,
_c1993
300 _a414 p.
_bfot. col.
_c30x23 cm
505 0 _tCONTENIDO
505 0 _tPrefacio p.6
505 0 _aA.Eugene Kohn; William Pedersen y Sheldon Fox
505 0 _tIntroducción p.7
505 0 _aChristian Norberg-Schulz / La ciudad de gran altura
505 0 _tEnsayos
505 0 _aJoseph Giovannini / Kohn Pedersen Fox: transición y desarrollo p.11
505 0 _aThomas L. Schumacher / Las fachadas de KPF: abstracción y los límites de la iguración p.21
505 0 _aWilliam Pedersen / Elarco y la lira p.33
505 0 _aWarren A. James / El círculo y el cuadrado p.37
505 0 _tPortafolio p.47
505 0 _tEdificios y proyectos seleccionados p.65
505 0 _tJudith Turner / Posdata p.382
505 0 _tBiografías p.384
505 0 _tColaboradores p.390
505 0 _tCréditos de edificios p.393
505 0 _tCronología completa p.399Bibliografía seleccionada p.406
505 0 _tPremios p.410
505 0 _tExposiciones destacadas p.412
505 0 _tCréditos de ilustraciones p.414
505 0 _tAgradecimientos del editor p.415
650 4 _aArquitectura moderna
650 4 _aSiglo XX
700 1 _aJames,Warren A.
_eedt
_927756
908 _aImp
930 _e12329
942 _2ddc
_cLIB
945 _aMIA
_d2026-05-27
980 _61
_aMaricel Allasia
_81
_gMaricel Allasia
999 _c12432
_d12432